00683nam a22001697a 4500003000400000008004100004020001800045082001800063245007600081260007500157300001600232650004500248700002100293942001200314999001700326952017000343OSt260624b |||||||| |||| 00| 0 eng d a9789390425310 a570.285bS61B aBioinformatics: Concepts And Applications/by Satendra Singh...[et al.] aNew Delhi: bInternational Books & Periodicals Supply Service, c2022. avii, 163 p. aPure Sciences | Biology | Bioinformatics aSingh, Satendra  2ddccBK c52284d52284 00102ddc4070aRAUbRAUcGENd2026-06-24eToday & Tomorrow Printers and Publishers g450.00l0o570.285 S61Bp87130r2026-06-24w2026-01-29yBKkBill No. IN-00449